Brave new world (Record no. 91506)

MARC details
000 -LEADER
fixed length control field 00452nam a2200193Ia 4500
003 - CONTROL NUMBER IDENTIFIER
control field OSt
005 - DATE AND TIME OF LATEST TRANSACTION
control field 20260212114222.0
008 - FIXED-LENGTH DATA ELEMENTS--GENERAL INFORMATION
fixed length control field 210210b1983 xxu||||| |||| 00| 0 eng d
040 ## - CATALOGING SOURCE
Original cataloging agency AL
Transcribing agency
041 ## - LANGUAGE CODE
Language code of text/sound track or separate title English
082 ## - DEWEY DECIMAL CLASSIFICATION NUMBER
Classification number 823.912 HUXB
100 ## - MAIN ENTRY--PERSONAL NAME
Personal name Aldous Huxley
9 (RLIN) 34752
245 ## - TITLE STATEMENT
Title Brave new world
260 ## - PUBLICATION, DISTRIBUTION, ETC.
Place of publication, distribution, etc. London
Name of publisher, distributor, etc. Granada Publishing
Date of publication, distribution, etc. 1983
300 ## - PHYSICAL DESCRIPTION
Extent 208p
690 ## - LOCAL SUBJECT ADDED ENTRY--TOPICAL TERM (OCLC, RLIN)
Topical term or geographic name as entry element English Fiction
9 (RLIN) 34753
906 ## - LOCAL DATA ELEMENT F, LDF (RLIN)
a 041490
942 ## - ADDED ENTRY ELEMENTS (KOHA)
Source of classification or shelving scheme Dewey Decimal Classification
Koha item type Book
Holdings
Withdrawn status Lost status Source of classification or shelving scheme Damaged status Not for loan Collection code Home library Current library Date acquired Cost, normal purchase price Total Checkouts Total Renewals Full call number Barcode Date last seen Date last checked out Price effective from Koha item type
    Dewey Decimal Classification     English St Aloysius Library St Aloysius Library 02/17/2021 0.00 3 1 823.912 HUXB 037550 02/05/2026 09/15/2025 02/17/2021 Book
    Dewey Decimal Classification     English St Aloysius Library St Aloysius Library 02/17/2021 0.00     823.912 HUXB 041491 02/17/2021   02/17/2021 Book
    Dewey Decimal Classification     English St Aloysius Library St Aloysius Library 02/17/2021 0.00     823.912 HUXB 041490 02/17/2021   02/17/2021 Book